| 000 | 00467nam a2200181Ia 4500 | ||
|---|---|---|---|
| 001 | 20946 | ||
| 005 | 20260306172843.0 | ||
| 008 | 260306t2017||||xx |||||||||||||| ||spa|| | ||
| 041 | _aESP | ||
| 082 |
_a343.8C7 _bA66 V. 2 |
||
| 100 |
_aArancibia Cueva, Miguel _eAUT |
||
| 245 | 0 | _aManual del código tributario y de la ley penal tributaria | |
| 260 | _c2017 | ||
| 300 |
_a1121 páginas : _c25 cm. |
||
| 650 | _aGEN | ||
| 654 | _aCCO | ||
| 942 |
_cLIB _dJUS _fJUS _2ddc _n |
||
| 999 |
_c20946 _d20946 |
||